[Event "Treviso op-D 1st"]
[Site "Treviso"]
[Date "2017.03.19"]
[Round "4.5"]
[White "Tonon, Lorenzo"]
[Black "Ronchi, Alessandro"]
[Result "1/2-1/2"]
[WhiteElo "1446"]
[BlackElo "1259"]
[PlyCount "72"]
[EventDate "2017.03.17"]
[EventType "swiss"]
[EventRounds "5"]
[EventCountry "ITA"]
[SourceTitle "EXT 2024"]
[Source "ChessBase"]
[SourceDate "2023.10.10"]
[SourceVersion "1"]
[SourceVersionDate "2023.10.10"]
[SourceQuality "1"]

1. e4 c5 2. d4 cxd4 3. c3 dxc3 4. Nxc3 Nc6 5. Nf3 e5 6. Bc4 Nf6 7. 0-0 Be7 8. Qe2 0-0 9. Rd1 d6 10. h3 Be6 11. Nd5 Rc8 12. Nxe7+ Qxe7 13. Bxe6 fxe6 14. Bg5 Rfd8 15. Rac1 d5 16. exd5 exd5 17. Re1 e4 18. Nd2 Nd4 19. Qd1 Ne6 20. Bxf6 Qxf6 21. f3 exf3 22. Nxf3 Nf4 23. Qb3 Rxc1 24. Rxc1 Ne2+ 25. Kh1 Nxc1 26. Qxb7 Qb6 27. Qe7 Ne2 28. Qxe2 d4 29. Qc4+ Kh8 30. Ne5 Rf8 31. Nf7+ Rxf7 32. Qxf7 Qd8 33. Qf2 d3 34. Qd2 Qd5 35. Kg1 Qc5+ 36. Kf1 Qd4 1/2-1/2

[Event "Mestre Cipressina op-B 5th"]
[Site "Mestre"]
[Date "2016.11.26"]
[Round "2"]
[White "Visentin, Simone"]
[Black "Ronchi, Alessandro"]
[Result "0-1"]
[WhiteElo "1392"]
[BlackElo "1167"]
[PlyCount "72"]
[EventDate "2016.11.25"]
[EventType "swiss"]
[EventRounds "5"]
[EventCountry "ITA"]
[SourceTitle "EXT 2022"]
[Source "ChessBase"]
[SourceDate "2021.10.06"]
[SourceVersion "1"]
[SourceVersionDate "2021.10.06"]
[SourceQuality "1"]

1. e4 c5 2. Nf3 d6 3. Bb5+ Bd7 4. Bxd7+ Nxd7 5. 0-0 e6 6. Nc3 Be7 7. d4 Qc7 8. Bf4 cxd4 9. Nb5 Qb6 10. a4 e5 11. Bg5 Ngf6 12. Bxf6 Nxf6 13. Rc1 a6 14. Na3 Qxb2 15. Nc4 Qb4 16. Nfd2 Rb8 17. Ra1 Nxe4 18. Nxe4 Qxc4 19. Qh5 0-0 20. Ng5 Bxg5 21. Qxg5 Qxc2 22. Rfc1 Qg6 23. Qxg6 hxg6 24. Rc7 d3 25. Rd1 e4 26. Rd7 Rfd8 27. Re7 d5 28. f3 f5 29. Kf2 b5 30. fxe4 dxe4 31. axb5 axb5 32. Ke3 b4 33. Rb1 d2 34. Ke2 b3 35. Rc7 b2 36. Ra7 d1Q+ 0-1

[Event "Chioggia op-C 11th"]
[Site "Chioggia"]
[Date "2016.10.09"]
[Round "4"]
[White "Gomirato, Anna"]
[Black "Ronchi, Alessandro"]
[Result "0-1"]
[WhiteElo "1555"]
[BlackElo "1141"]
[PlyCount "50"]
[EventDate "2016.10.07"]
[EventType "swiss"]
[EventRounds "5"]
[EventCountry "ITA"]
[SourceTitle "EXT 2022"]
[Source "ChessBase"]
[SourceDate "2021.10.06"]
[SourceVersion "1"]
[SourceVersionDate "2021.10.06"]
[SourceQuality "1"]

1. e4 c5 2. Nf3 d6 3. d4 cxd4 4. Nxd4 Nf6 5. Nc3 a6 6. Bg5 e6 7. Bd3 Be7 8. Qd2 Nbd7 9. 0-0-0 Qc7 10. f3 b5 11. Kb1 Bb7 12. Rhe1 0-0 13. g4 Ne5 14. Be2 Nc4 15. Bxc4 bxc4 16. Na4 Rfb8 17. Rh1 Ra7 18. h4 Bc6 19. Nxc6 Qxc6 20. Qd4 Rab7 21. h5 Qxa4 22. b3 e5 23. Kc1 Qxa2 24. Qxc4 d5 25. exd5 Bb4 0-1